00000000cgm 2200000zi 4500
0019.962872
003CaOODSP
00520260605103829
006m     o  c f      
007cr cna||||||||
007vz czazuu
008260515e20250711onc003       fo   vleng d
020 |a9780660999791
040 |aCaOODSP|beng|erda|cCaOODSP
043 |an-cn---
0861 |aCH57-4/91-2026E-MP4
24500|aHow to measure UV radiation.
264 1|a[Ottawa] : |b[Canadian Conservation Institute = Institut canadien de conservation], |c[Jul 11, 2025]
300 |a1 online resource (1 video file (2 min., 34 sec.)) : |bsound, colour
336 |atwo dimensional moving image|btdi|2rdacontent
337 |acomputer|bc|2rdamedia
338 |aonline resource|bcr|2rdacarrier
500 |a"CCI videos."
500 |aIssued also in French under title: Comment mesurer le rayonnement UV.
500 |aAvailable as streaming video or as downloadable MP4 file.
520 |a"In this tutorial, you'll learn how to use an environmental monitor to measure: how much UV a heritage object receives; how much UV a light source emits. By detecting object that are exposed to high levels of UV and light sources that UV, you can take steps to avoid and block UV radiation, and thus prevent it from causing damage"--Supplied from publisher.
588 |aDescription based on online resource; title from title screen (Canadian Conservation Institute, viewed June 5, 2026).
650 0|aUltraviolet radiation|zCanada|xMeasurement.
650 0|aUltraviolet detectors|zCanada.
650 0|aCultural property|xProtection|xEnvironmental aspects|zCanada.
655 7|aInternet videos|2lcgft
655 7|aInstructional and educational works|2lcgft
7102 |aCanadian Conservation Institute, |eissuing body.
77508|tComment mesurer le rayonnement UV.|w(CaOODSP)9.962875
85640|qMP4|s175 MB|uhttps://publications.gc.ca/collections/collection_2026/pch/CH57-4-91-2026-eng.mp4
8564 |qHTML|sN/A|uhttps://www.youtube.com/watch?v=KhdnyO__DQs